000 01318cam a2200325 a 4500
001 2123183
003 OSt
005 20240619130600.0
008 970220s1998 enka b 001 0 eng
010 _a 97003059
020 _a0521570719 (hardcover)
020 _a052157823X (pbk.)
040 _aMUST LIB
_cMUST
_dMUST
050 0 0 _aQC6
_b.C85 1998
082 0 0 _a530
_221
_bCUS
100 1 _aCushing, James T.,
_d1937-
_917523
245 1 0 _aPhilosophical concepts in physics :
_bthe historical relation between philosophy and scientific theories /
_cJames T. Cushing.
260 _aCambridge ;
_aNew York :
_bCambridge University Press,
_c1998.
300 _axix, 424 p. :
_bill. ;
_c25 cm.
504 _aIncludes bibliographical references (p. 400-411) and indexes.
650 0 _aPhysics
_xPhilosophy.
_912744
650 0 _aPhysics
_xHistory.
_97965
650 0 _aScience
_xPhilosophy.
_93588
650 0 _aScience
_xHistory.
_913422
856 4 2 _3Publisher description
_uhttp://www.loc.gov/catdir/description/cam028/97003059.html
856 4 1 _3Table of contents
_uhttp://www.loc.gov/catdir/toc/cam021/97003059.html
906 _a7
_bcbc
_corignew
_d1
_eocip
_f19
_gy-gencatlg
942 _2ddc
_cO_SHELF
999 _c8666
_d8666